[Event "VIE-ch (Women)"]
[Site "Hanoi"]
[Date "2024.03.15"]
[Round "7"]
[White "Vo, Dinh Khai My"]
[Black "Bui, Thi Diep Anh"]
[Result "0-1"]
[WhiteElo "1662"]
[BlackElo "1831"]
[PlyCount "67"]
[EventDate "2024.03.11"]
[EventType "swiss"]
[EventRounds "9"]
[EventCountry "VIE"]
[SourceTitle "CB13_2024"]
[SourceDate "2024.03.27"]
[SourceVersion "1"]
[SourceVersionDate "2024.03.27"]
[SourceQuality "1"]

1. d4 Nf6 2. c4 g6 3. Nf3 Bg7 4. Nc3 d5 5. Bf4 c6 6. e3 0-0 7. h3 Nbd7 8. cxd5 Nxd5 9. Nxd5 cxd5 10. Bd3 Qa5+ 11. Qd2 Qxd2+ 12. Kxd2 Nb8 13. Rac1 Nc6 14. Rc5 e6 15. Rhc1 Bd7 16. a3 a5 17. b4 Rfc8 18. Ng1 Bf8 19. R5c2 Na7 20. Nf3 Rxc2+ 21. Rxc2 Rc8 22. Ne5 Be8 23. Rxc8 Nxc8 24. Bc2 Nb6 25. Kc3 f6 26. Nd3 Na4+ 27. Kb3 Kf7 28. Bc7 Bc6 29. Nc5 Nxc5+ 30. bxc5 Bb5 31. Kc3 Ke8 32. Bb3 f5 33. f4 Bg7 34. Kd2 0-1

[Event "VIE-ch (Women)"]
[Site "Hanoi"]
[Date "2024.03.13"]
[Round "5"]
[White "Do, Dinh Hong Chinh"]
[Black "Vo, Dinh Khai My"]
[Result "1-0"]
[WhiteElo "1836"]
[BlackElo "1662"]
[PlyCount "101"]
[EventDate "2024.03.11"]
[EventType "swiss"]
[EventRounds "9"]
[EventCountry "VIE"]
[SourceTitle "CB13_2024"]
[SourceDate "2024.03.27"]
[SourceVersion "1"]
[SourceVersionDate "2024.03.27"]
[SourceQuality "1"]

1. e4 c5 2. Nc3 d6 3. g3 g6 4. Bg2 Bg7 5. Nge2 Nc6 6. d3 e6 7. Be3 Nd4 8. 0-0 Ne7 9. Qd2 0-0 10. Nd1 Rb8 11. c3 Nxe2+ 12. Qxe2 b6 13. f4 d5 14. Nf2 Ba6 15. Rfd1 dxe4 16. Nxe4 Qc7 17. Qc2 Rbd8 18. Bf1 Rd7 19. Qa4 Bb7 20. Bg2 Bc6 21. Qb3 Rfd8 22. Bf1 Qb7 23. Qc2 Nf5 24. Bf2 c4 25. Ng5 h6 26. Nh3 Bf3 27. Rd2 cxd3 28. Rxd3 Rxd3 29. Bxd3 Qd5 30. Bf1 e5 31. fxe5 Bxe5 32. Re1 Bc7 33. Nf4 Bxf4 34. gxf4 Ng7 35. Bd4 Nh5 36. Re5 Qd7 37. f5 Re8 38. Rxe8+ Qxe8 39. fxg6 fxg6 40. Qd3 Bc6 41. Qc4+ Kh7 42. Qa6 Qe4 43. Qxa7+ Bb7 44. Qb8 Qg4+ 45. Kf2 Qf5+ 46. Ke3 Qg5+ 47. Kd3 Nf4+ 48. Kc2 Be4+ 49. Kb3 Bd5+ 50. c4 Bxc4+ 51. Bxc4 1-0

[Event "VIE-ch U15 Girls"]
[Site "Ho Chi Minh City"]
[Date "2022.07.14"]
[Round "6"]
[White "Vo, Dinh Khai My"]
[Black "Tong, Thai Ky An"]
[Result "0-1"]
[WhiteElo "2109"]
[BlackElo "2111"]
[PlyCount "106"]
[EventDate "2022.07.11"]
[EventType "swiss"]
[EventRounds "9"]
[EventCountry "VIE"]
[SourceTitle "EXT 2023"]
[Source "ChessBase"]
[SourceDate "2022.10.05"]
[SourceVersion "1"]
[SourceVersionDate "2022.10.05"]
[SourceQuality "1"]

1. d4 d5 2. Nf3 e6 3. c4 c6 4. g3 Nf6 5. Bg2 dxc4 6. Ne5 Bb4+ 7. Nc3 Nd5 8. Qc2 Nxc3 9. bxc3 Qxd4 10. Bb2 Ba5 11. Nf3 Qc5 12. a4 Bb6 13. 0-0 Qf5 14. e4 Qa5 15. e5 Nd7 16. Qe4 Qd5 17. Qg4 Rg8 18. Qf4 Qd3 19. Rad1 Qc2 20. Rd2 Qf5 21. Qxc4 Bc7 22. g4 Nxe5 23. Nxe5 Qxe5 24. f4 Qe3+ 25. Rdf2 Bb6 26. Kh1 Qc5 27. Qe2 Bd7 28. f5 0-0-0 29. Rf4 Bc7 30. Rc4 Qd6 31. Be4 exf5 32. gxf5 Qh6 33. Bc1 Qd6 34. Bf4 Qe7 35. Bxc7 Kxc7 36. Qf2 Kb8 37. Rb1 Ka8 38. Rcb4 Rb8 39. a5 Qe5 40. Qf3 Qxa5 41. Qf1 Qe5 42. Qd3 Qe7 43. Ra1 Rbd8 44. Qf3 Rge8 45. Rba4 Kb8 46. Qf2 a6 47. Rb4 Kc8 48. Qa7 Qxb4 49. cxb4 Rxe4 50. Qc5 Rde8 51. Rd1 R4e5 52. Qc4 Bxf5 53. Rd2 Bh3 0-1

[Event "VIE-ch U15 Girls"]
[Site "Ho Chi Minh City"]
[Date "2022.07.12"]
[Round "2"]
[White "Vo, Dinh Khai My"]
[Black "Tran, Nguyen My Tien"]
[Result "1-0"]
[WhiteElo "2109"]
[BlackElo "2093"]
[PlyCount "87"]
[EventDate "2022.07.11"]
[EventType "swiss"]
[EventRounds "9"]
[EventCountry "VIE"]
[SourceTitle "EXT 2023"]
[Source "ChessBase"]
[SourceDate "2022.10.05"]
[SourceVersion "1"]
[SourceVersionDate "2022.10.05"]
[SourceQuality "1"]

1. d4 f5 2. c4 g6 3. Nf3 Nf6 4. g3 Bg7 5. Bg2 0-0 6. 0-0 d6 7. Nc3 Qe8 8. d5 Na6 9. Nd4 Bd7 10. Rb1 c6 11. b3 c5 12. Ne6 Bxe6 13. dxe6 Nc7 14. Bxb7 Rb8 15. Bg2 Nxe6 16. Nd5 Nd8 17. Bb2 e5 18. Nxf6+ Rxf6 19. f4 Kh8 20. fxe5 dxe5 21. Qd5 Ra6 22. e4 Nc6 23. Qxc5 Ra5 24. Qe3 Rxa2 25. exf5 gxf5 26. Bxc6 Qxc6 27. Rxf5 Qg6 28. Qg5 Qb6+ 29. Kh1 Qc6+ 30. Kg1 h6 31. Qg4 Qc5+ 32. Kh1 Rxb3 33. Rf7 Qc6+ 34. Kg1 Qc5+ 35. Kf1 Rf3+ 36. Rxf3 Rxb2 37. Rxb2 Qd6 38. Qc8+ Kh7 39. Qf5+ Kh8 40. Qd3 Qc7 41. Rd2 Qc6 42. Qd5 Qg6 43. Qf7 Qg5 44. Rd7 1-0

[Event "VIE-ch U15 Girls"]
[Site "Ho Chi Minh City"]
[Date "2022.07.12"]
[Round "3"]
[White "Vu, My Linh"]
[Black "Vo, Dinh Khai My"]
[Result "1-0"]
[WhiteElo "2108"]
[BlackElo "2109"]
[PlyCount "49"]
[EventDate "2022.07.11"]
[EventType "swiss"]
[EventRounds "9"]
[EventCountry "VIE"]
[SourceTitle "EXT 2023"]
[Source "ChessBase"]
[SourceDate "2022.10.05"]
[SourceVersion "1"]
[SourceVersionDate "2022.10.05"]
[SourceQuality "1"]

1. d4 d5 2. Nf3 Nf6 3. Bf4 c5 4. e3 Nc6 5. h3 cxd4 6. Nxd4 Qb6 7. Nxc6 bxc6 8. Qd4 c5 9. Qa4+ Bd7 10. Qb3 Qa5+ 11. c3 e6 12. Qb7 Rc8 13. a4 Qb6 14. Ba6 Rc6 15. Qa8+ Ke7 16. Bb7 Qxb2 17. Bxc6 Qxa1 18. Qb8 Ne4 19. Qb7 Nf6 20. Bg5 Kd6 21. Bxf6 gxf6 22. Qxd7+ Ke5 23. 0-0 Qa2 24. f4+ Kf5 25. Qxf7 1-0

[Event "VIE-ch U15 Girls"]
[Site "Hanoi"]
[Date "2022.06.14"]
[Round "5"]
[White "Ton, Nu Quynh Duong"]
[Black "Vo, Dinh Khai My"]
[Result "1/2-1/2"]
[WhiteElo "2118"]
[BlackElo "2107"]
[PlyCount "91"]
[EventDate "2022.06.11"]
[EventType "swiss"]
[EventRounds "9"]
[EventCountry "VIE"]
[SourceTitle "EXT 2023"]
[Source "ChessBase"]
[SourceDate "2022.10.05"]
[SourceVersion "1"]
[SourceVersionDate "2022.10.05"]
[SourceQuality "1"]

1. d4 d5 2. c4 e6 3. Nc3 c6 4. cxd5 exd5 5. Nf3 Bd6 6. Bg5 Ne7 7. e3 Bf5 8. Bd3 Bxd3 9. Qxd3 f6 10. Bh4 0-0 11. 0-0 Nd7 12. Rab1 a5 13. a3 a4 14. Qc2 Qa5 15. Ne2 Nb6 16. Bg3 Bxg3 17. hxg3 Nc4 18. g4 f5 19. gxf5 Nxf5 20. Rfd1 Qd8 21. e4 Nh4 22. Nxh4 Qxh4 23. Nc3 Rf6 24. Rd3 Raf8 25. Rf1 Qg5 26. Qe2 Rh6 27. exd5 cxd5 28. Rfd1 Rh4 29. Qe6+ Kh8 30. Rf3 Ra8 31. Qf7 h6 32. Rg3 Rg4 33. Rxg4 Qxg4 34. Qxd5 Nxb2 35. Re1 Nd3 36. Re3 Nf4 37. Qe4 Rf8 38. Rg3 Qe6 39. Qxb7 Qe1+ 40. Kh2 Nh5 41. Rf3 Re8 42. Qc7 Nf6 43. Qf4 Qa1 44. Qd6 Re1 45. Rxf6 gxf6 46. Qf8+ 1/2-1/2

[Event "VIE-ch U15 Girls"]
[Site "Hanoi"]
[Date "2022.06.13"]
[Round "3"]
[White "Nguyen, Bui Khanh Hang"]
[Black "Vo, Dinh Khai My"]
[Result "0-1"]
[WhiteElo "2116"]
[BlackElo "2107"]
[PlyCount "78"]
[EventDate "2022.06.11"]
[EventType "swiss"]
[EventRounds "9"]
[EventCountry "VIE"]
[SourceTitle "EXT 2023"]
[Source "ChessBase"]
[SourceDate "2022.10.05"]
[SourceVersion "1"]
[SourceVersionDate "2022.10.05"]
[SourceQuality "1"]

1. d4 d5 2. e3 Nf6 3. Bd3 e6 4. Nd2 c5 5. c3 Nc6 6. f4 Bd6 7. Ngf3 Qc7 8. Ne5 c4 9. Bc2 b5 10. 0-0 0-0 11. e4 Ne7 12. Ng4 Nxg4 13. Qxg4 dxe4 14. Nxe4 f5 15. Qh3 Nd5 16. Nxd6 Qxd6 17. Bd2 Bb7 18. Rae1 Rae8 19. Re5 a6 20. a3 Nf6 21. Rfe1 Qd7 22. Bd1 a5 23. Qe3 Be4 24. h3 Nd5 25. Qf2 Rf6 26. Bf3 Bxf3 27. Qxf3 Rg6 28. Qe2 Rf6 29. Qf3 Rf7 30. R1e2 Nf6 31. Rc5 Ne4 32. Rxe4 fxe4 33. Qxe4 Rf5 34. Re5 Rxe5 35. fxe5 Rf8 36. Qg4 Qf7 37. Kh2 Qf5 38. Qg3 Qf2 39. Qg5 h6 0-1

[Event "VIE-ch U15 Girls"]
[Site "Hanoi"]
[Date "2022.06.12"]
[Round "2"]
[White "Vo, Dinh Khai My"]
[Black "Tong, Thai Ky An"]
[Result "0-1"]
[WhiteElo "2107"]
[BlackElo "2120"]
[PlyCount "110"]
[EventDate "2022.06.11"]
[EventType "swiss"]
[EventRounds "9"]
[EventCountry "VIE"]
[SourceTitle "EXT 2023"]
[Source "ChessBase"]
[SourceDate "2022.10.05"]
[SourceVersion "1"]
[SourceVersionDate "2022.10.05"]
[SourceQuality "1"]

1. d4 d5 2. c4 e6 3. Nc3 c6 4. e3 f5 5. Nf3 Nf6 6. g3 Bd6 7. Bg2 0-0 8. 0-0 Ne4 9. cxd5 exd5 10. Ne5 Qe7 11. f4 Nd7 12. Bd2 Ndf6 13. Rb1 a5 14. Qc2 Bd7 15. Na4 Rfe8 16. Bxe4 fxe4 17. Nb6 Ra6 18. Nbxd7 Nxd7 19. Qd1 Nf6 20. g4 Qe6 21. f5 Qe7 22. g5 Nd7 23. Nxd7 Qxd7 24. Qh5 Rf8 25. f6 gxf6 26. Rxf6 Rxf6 27. gxf6 Qf7 28. Qg5+ Qg6 29. h4 Kf7 30. Qxg6+ hxg6 31. Rf1 Bg3 32. Be1 Bxe1 33. Rxe1 Kxf6 34. Kg2 Ra8 35. Kg3 Rf8 36. Kg4 Kg7 37. Re2 Kh6 38. b3 Rf5 39. a3 Rf1 40. Rb2 Re1 41. Kf4 Ra1 42. a4 Rf1+ 43. Kg4 Rg1+ 44. Kh3 Re1 45. b4 Rxe3+ 46. Kg4 Ra3 47. bxa5 Rxa4 48. Rxb7 Rxd4 49. Rb6 e3+ 50. Kf3 Re4 51. Ke2 d4 52. Rxc6 d3+ 53. Kxd3 e2 54. Rc1 e1Q 55. Rxe1 Rxe1 0-1

[Event "VIE Cup (Women)"]
[Site "Hanoi"]
[Date "2021.??.??"]
[Round "1"]
[White "Le, Phu Nguyen Thao"]
[Black "Vo, Dinh Khai My"]
[Result "1/2-1/2"]
[WhiteElo "1940"]
[BlackElo "1196"]
[PlyCount "76"]
[EventDate "2021.05.03"]
[EventType "swiss"]
[EventRounds "9"]
[EventCountry "VIE"]
[SourceTitle "EXT 2022"]
[Source "ChessBase"]
[SourceDate "2021.10.06"]
[SourceVersion "1"]
[SourceVersionDate "2021.10.06"]
[SourceQuality "1"]

1. c4 e6 2. g3 Nf6 3. Bg2 d5 4. Nf3 Be7 5. 0-0 c6 6. cxd5 exd5 7. d3 0-0 8. a3 a5 9. Bf4 Bf5 10. Qb3 Qc8 11. Rc1 Nbd7 12. Nbd2 Nc5 13. Qc2 Re8 14. Be3 Ncd7 15. Nd4 Bg6 16. Bh3 Qd8 17. Nf5 Bf8 18. Nf3 Ne5 19. N3h4 Nfg4 20. Bc5 Qf6 21. Bxf8 Bxf5 22. Bc5 Ne3 23. Bxe3 Bxh3 24. Qc3 Qe6 25. Rc2 Ng4 26. Bd4 f6 27. Ng2 Qf5 28. Nf4 Ne5 29. Rac1 Ng6 30. Nxg6 Qxg6 31. Be3 Qh5 32. Qd4 Bg4 33. Re1 Bd7 34. Qf4 Qe5 35. Qh4 Bf5 36. Rec1 Bg6 37. Qf4 Qxf4 38. Bxf4 Re6 1/2-1/2

[Event "VIE Cup (Women)"]
[Site "Hanoi"]
[Date "2021.??.??"]
[Round "3"]
[White "Pham, Le Thao Nguyen"]
[Black "Vo, Dinh Khai My"]
[Result "1-0"]
[WhiteElo "2369"]
[BlackElo "1196"]
[PlyCount "59"]
[EventDate "2021.05.03"]
[EventType "swiss"]
[EventRounds "9"]
[EventCountry "VIE"]
[SourceTitle "EXT 2022"]
[Source "ChessBase"]
[SourceDate "2021.10.06"]
[SourceVersion "1"]
[SourceVersionDate "2021.10.06"]
[SourceQuality "1"]

1. d4 d5 2. Bf4 Nf6 3. e3 Bf5 4. c4 c6 5. Nc3 e6 6. Qb3 Qc8 7. h3 Nbd7 8. Nf3 h6 9. Be2 Be7 10. Rc1 0-0 11. 0-0 dxc4 12. Bxc4 Nb6 13. Be2 Rd8 14. Rfd1 Nfd5 15. Be5 Qd7 16. Nd2 Nxc3 17. bxc3 Rac8 18. a4 Bg6 19. c4 c5 20. a5 Na8 21. Bf3 b6 22. a6 Bd6 23. Bb7 Rb8 24. Nf3 cxd4 25. Rxd4 Qc7 26. Rxd6 Rxd6 27. Qb4 Rbd8 28. Bxd6 Rxd6 29. Bxa8 Qd8 30. Bb7 1-0

[Event "VIE Cup (Women)"]
[Site "Hanoi"]
[Date "2021.??.??"]
[Round "4"]
[White "Vo, Dinh Khai My"]
[Black "Nguyen, Hong Ngoc"]
[Result "0-1"]
[WhiteElo "1196"]
[BlackElo "1957"]
[PlyCount "104"]
[EventDate "2021.05.03"]
[EventType "swiss"]
[EventRounds "9"]
[EventCountry "VIE"]
[SourceTitle "EXT 2022"]
[Source "ChessBase"]
[SourceDate "2021.10.06"]
[SourceVersion "1"]
[SourceVersionDate "2021.10.06"]
[SourceQuality "1"]

1. d4 d5 2. c4 c6 3. Nf3 Nf6 4. Nc3 a6 5. c5 Nbd7 6. Bf4 Nh5 7. Bd2 Nhf6 8. Qc2 g6 9. g3 Bg7 10. Bg2 0-0 11. 0-0 Re8 12. Rad1 e6 13. Rfe1 b6 14. cxb6 Qxb6 15. Na4 Qb5 16. Rc1 Ne4 17. Nc3 Nxc3 18. Bxc3 Bb7 19. a4 Qb6 20. b4 Qd8 21. Nd2 e5 22. dxe5 Bxe5 23. Nb3 Qf6 24. Bxe5 Nxe5 25. Na5 Rab8 26. e4 Qd6 27. Qd2 Ba8 28. Rb1 Red8 29. Red1 Qe7 30. Qc3 d4 31. Rxd4 Rxd4 32. Qxd4 c5 33. Qe3 cxb4 34. Nb3 Qd6 35. a5 Rc8 36. Qd2 Qe7 37. Nd4 Rb8 38. Qe2 Qa7 39. Nb3 Bc6 40. Qd2 Qe7 41. Nd4 Ba4 42. Qa2 Qc5 43. Qxa4 Qxd4 44. Qc2 Nc4 45. Qa2 b3 46. Qa4 Qd3 47. Re1 b2 48. Bf1 Qc3 49. Rb1 Nd2 50. Rxb2 Rxb2 51. Qe8+ Kg7 52. Bxa6 Qxa5 0-1

[Event "VIE-ch U13 Girls"]
[Site "Hanoi"]
[Date "2020.??.??"]
[Round "6"]
[White "Tran, Nguyen My Tien"]
[Black "Vo, Dinh Khai My"]
[Result "0-1"]
[WhiteElo "2229"]
[BlackElo "1196"]
[PlyCount "106"]
[EventDate "2020.10.22"]
[EventType "tourn"]
[EventRounds "7"]
[EventCountry "VIE"]
[SourceTitle "EXT 2022"]
[Source "ChessBase"]
[SourceDate "2021.10.06"]
[SourceVersion "1"]
[SourceVersionDate "2021.10.06"]
[SourceQuality "1"]

1. e4 c5 2. Nc3 Nc6 3. g3 g6 4. Bg2 Bg7 5. d3 d6 6. f4 e6 7. Nf3 Nge7 8. h4 h5 9. 0-0 0-0 10. Ng5 Nd4 11. Ne2 f6 12. Nxd4 cxd4 13. Nh3 Bd7 14. Kh2 Rc8 15. Rf2 e5 16. f5 Qe8 17. Bf3 gxf5 18. Bxh5 Qd8 19. exf5 Bxf5 20. g4 Be6 21. Qe2 Qd7 22. Ng1 Bf7 23. Bxf7+ Rxf7 24. h5 Nd5 25. h6 Bxh6 26. Bxh6 Rh7 27. g5 fxg5 28. Qh5 Qg7 29. Qg4 Qxh6+ 30. Nh3 Re8 31. Rf5 Rg7 32. Rxg5 Rxg5 33. Qxg5+ Qxg5 34. Nxg5 Rc8 35. c4 dxc3 36. bxc3 Rxc3 37. Ne4 Rc6 38. a3 Nf4 39. Rb1 b6 40. Rb3 d5 41. Nf2 Rc2 42. Kg3 Ne2+ 43. Kg2 Nc1 44. Rb5 Nxd3 45. Rxd5 Nxf2 46. Kf3 e4+ 47. Ke3 Ng4+ 48. Kf4 Nf6 49. Rd8+ Kf7 50. a4 Ra2 51. Rd4 Rf2+ 52. Ke3 Rf3+ 53. Ke2 Ra3 0-1

[Event "VIE-ch U13 Girls"]
[Site "Hanoi"]
[Date "2020.??.??"]
[Round "2"]
[White "Vo, Dinh Khai My"]
[Black "Nguyen, Ha Khanh Linh"]
[Result "0-1"]
[WhiteElo "1196"]
[BlackElo "1546"]
[PlyCount "114"]
[EventDate "2020.10.22"]
[EventType "tourn"]
[EventRounds "7"]
[EventCountry "VIE"]
[SourceTitle "EXT 2022"]
[Source "ChessBase"]
[SourceDate "2021.10.06"]
[SourceVersion "1"]
[SourceVersionDate "2021.10.06"]
[SourceQuality "1"]

1. d4 d6 2. e4 Nf6 3. f3 g6 4. c4 Bg7 5. Nc3 c6 6. Bd3 0-0 7. Be3 Nbd7 8. Nge2 a6 9. a4 Qc7 10. 0-0 c5 11. dxc5 Nxc5 12. Nd4 a5 13. Qc2 Bd7 14. Nd5 Qd8 15. Rfb1 Bc6 16. Ne2 Nfd7 17. Nc1 Rc8 18. Nc3 Na6 19. Be2 Ndc5 20. Nd3 Nxd3 21. Qxd3 Nc5 22. Qd1 Qb6 23. Nb5 Bxb5 24. axb5 Qc7 25. Ra3 Ra8 26. Bd4 Bxd4+ 27. Qxd4 Ne6 28. Qe3 Qc5 29. Qxc5 dxc5 30. Rd1 Rfd8 31. Rxd8+ Nxd8 32. Rd3 b6 33. Rd7 Kf8 34. Kf2 Ke8 35. Rd3 Ne6 36. g3 Nd4 37. Bd1 e5 38. f4 Ke7 39. Bg4 f5 40. Bf3 Rf8 41. exf5 exf4 42. fxg6 fxg3+ 43. Kxg3 hxg6 44. Be4 Kf6 45. Rd1 Re8 46. Rf1+ Kg5 47. Bb1 Re3+ 48. Kg2 Ne6 49. Kf2 Rb3 50. Rg1+ Kf4 51. Bxg6 Rxb2+ 52. Kf1 Rxh2 53. Bf7 Ng5 54. Bd5 a4 55. Bc6 a3 56. Bd7 a2 57. Rg4+ Kf3 0-1

[Event "VIE-ch U13 Girls"]
[Site "Hanoi"]
[Date "2020.??.??"]
[Round "5"]
[White "Vo, Dinh Khai My"]
[Black "Nguyen, Hoang Thai Ngoc"]
[Result "1-0"]
[WhiteElo "1196"]
[BlackElo "1469"]
[PlyCount "113"]
[EventDate "2020.10.22"]
[EventType "tourn"]
[EventRounds "7"]
[EventCountry "VIE"]
[SourceTitle "EXT 2022"]
[Source "ChessBase"]
[SourceDate "2021.10.06"]
[SourceVersion "1"]
[SourceVersionDate "2021.10.06"]
[SourceQuality "1"]

1. d4 d5 2. c4 c6 3. Nf3 e6 4. e3 Nf6 5. Nc3 Nbd7 6. Qc2 b6 7. b3 Bb7 8. Bb2 Be7 9. Bd3 h6 10. 0-0 0-0 11. Rfd1 Qc7 12. Rac1 dxc4 13. Bxc4 c5 14. dxc5 Nxc5 15. Nb5 Qc6 16. Qe2 Rfd8 17. Nbd4 Qe8 18. Bb5 Qf8 19. Ne5 Rac8 20. Nec6 Bxc6 21. Nxc6 Rxd1+ 22. Qxd1 a6 23. Nxe7+ Qxe7 24. Bxa6 Ra8 25. Bc4 Rxa2 26. Be5 Ra8 27. Qf3 Rd8 28. Qc6 Ng4 29. Bg3 h5 30. Qxb6 h4 31. Bc7 Rd2 32. Rf1 Qg5 33. Bf4 Qe7 34. Qa5 Rd7 35. b4 Nd3 36. Bxd3 Rxd3 37. Bg5 Qd6 38. Bf4 e5 39. Qa8+ Kh7 40. Qe4+ g6 41. Bg5 Qd7 42. Bxh4 f5 43. Qc4 Kh6 44. h3 g5 45. Bxg5+ Kxg5 46. hxg4 fxg4 47. Qg8+ Kf6 48. Qf8+ Kg6 49. Qc5 Rd5 50. Qc2+ Kh6 51. Ra1 Qd6 52. Qb3 e4 53. b5 Qd8 54. b6 Rd6 55. b7 Qf6 56. Rf1 Rb6 57. b8Q 1-0

[Event "VIE Cup (Women)"]
[Site "Bac Giang"]
[Date "2018.06.05"]
[Round "9"]
[White "Le, Dang Bao Ngoc"]
[Black "Vo, Dinh Khai My"]
[Result "0-1"]
[WhiteElo "1028"]
[BlackElo "1268"]
[PlyCount "132"]
[EventDate "2018.05.30"]
[EventType "swiss"]
[EventRounds "9"]
[EventCountry "VIE"]
[SourceTitle "CBM 184 Extra"]
[Source "ChessBase"]
[SourceDate "2018.06.28"]
[SourceVersion "1"]
[SourceVersionDate "2018.06.28"]
[SourceQuality "1"]

1. d4 d5 2. e3 e6 3. Bd3 Nf6 4. Nf3 c5 5. c3 Nc6 6. Nbd2 Bd6 7. 0-0 0-0 8. Re1 Qc7 9. e4 cxd4 10. cxd4 Nb4 11. Bb1 dxe4 12. Nxe4 Be7 13. a3 Nbd5 14. Bc2 b6 15. Qd3 h6 16. Ne5 Bb7 17. Re2 Nxe4 18. Qxe4 Nf6 19. Qe3 Bd6 20. Qg3 Kh8 21. Qh4 Ng8 22. Qh3 Bxe5 23. dxe5 Ba6 24. Bd3 Bxd3 25. Qxd3 Rfd8 26. Qb3 Rd5 27. Bd2 Rad8 28. Be3 Rd3 29. Qxd3 Rxd3 30. f4 Ne7 31. Rc1 Qd7 32. Kf2 Nf5 33. Rcc2 Nd4 34. Bxd4 Qxd4+ 35. Kf1 Rd1+ 36. Re1 Qxf4+ 37. Rf2 Rxe1+ 38. Kxe1 Qxe5+ 39. Re2 Qxh2 40. Rf2 Qe5+ 41. Re2 Qa5+ 42. Kd1 e5 43. Kc2 Qc5+ 44. Kd2 Qd4+ 45. Ke1 e4 46. Rd2 Qg1+ 47. Ke2 Qxg2+ 48. Kd1 Qxd2+ 49. Kxd2 f5 50. Ke3 g5 51. b4 h5 52. a4 h4 53. a5 bxa5 54. bxa5 h3 55. Kf2 h2 56. Kg2 e3 57. a6 e2 58. Kf2 h1Q 59. Kxe2 Qe4+ 60. Kd2 f4 61. Kc3 f3 62. Kd2 f2 63. Kc3 f1R 64. Kd2 Qf3 65. Kc2 Rf2+ 66. Kc1 Qh1# 0-1

[Event "VIE Cup (Women)"]
[Site "Bac Giang"]
[Date "2018.06.04"]
[Round "8"]
[White "Vo, Dinh Khai My"]
[Black "Nguyen, Thuy Duong"]
[Result "1-0"]
[WhiteElo "1268"]
[BlackElo "1767"]
[PlyCount "153"]
[EventDate "2018.05.30"]
[EventType "swiss"]
[EventRounds "9"]
[EventCountry "VIE"]
[SourceTitle "CBM 184 Extra"]
[Source "ChessBase"]
[SourceDate "2018.06.28"]
[SourceVersion "1"]
[SourceVersionDate "2018.06.28"]
[SourceQuality "1"]

1. d4 Nf6 2. c4 e6 3. g3 c6 4. Bg2 d5 5. Nf3 dxc4 6. Ne5 Be7 7. Nxc4 0-0 8. 0-0 c5 9. dxc5 Qxd1 10. Rxd1 Bxc5 11. Na5 Nc6 12. Nxc6 bxc6 13. Bxc6 Rb8 14. Nc3 h6 15. b3 Ba6 16. Bf4 Rbc8 17. Bf3 Rfe8 18. Na4 Bf8 19. Rac1 Rxc1 20. Rxc1 e5 21. Be3 e4 22. Bg2 Ba3 23. Rc7 Rd8 24. h3 Rd1+ 25. Kh2 Bxe2 26. Nc3 Rd8 27. Nxe2 Re8 28. Rxa7 Bd6 29. a4 h5 30. Bf4 Bc5 31. Rb7 Bxf2 32. Rb8 Rxb8 33. Bxb8 Nd7 34. Bf4 Nc5 35. b4 Nxa4 36. Bxe4 Ba7 37. b5 Kf8 38. Bc7 Ke7 39. Bc2 Kd7 40. Be5 f6 41. Bxf6 gxf6 42. Bxa4 Ke6 43. Nf4+ Kf5 44. Nxh5 Kg5 45. Nxf6 Kxf6 46. g4 Bb8+ 47. Kg2 Kg5 48. b6 Kh4 49. b7 Bc7 50. Bb5 Bb8 51. Bf1 Bc7 52. Kf3 Bb8 53. Ke4 Kg5 54. Kf3 Kh4 55. Ke4 Kg5 56. Be2 Bc7 57. h4+ Kf6 58. g5+ Kg6 59. Bg4 Bb8 60. Kd5 Kf7 61. h5 Bc7 62. Bf5 Kg7 63. h6+ Kg8 64. g6 Kh8 65. Be6 Be5 66. g7+ Bxg7 67. hxg7+ Kxg7 68. b8Q Kf6 69. Qf8+ Kg5 70. Qf5+ Kh6 71. Bf7 Kg7 72. Qg6+ Kf8 73. Qe6 Kg7 74. Ke5 Kh8 75. Qe8+ Kg7 76. Qg8+ Kh6 77. Qg6# 1-0

[Event "VIE Cup (Women)"]
[Site "Bac Giang"]
[Date "2018.06.01"]
[Round "4"]
[White "Do, Vu Thien Nhi"]
[Black "Vo, Dinh Khai My"]
[Result "0-1"]
[WhiteElo "1761"]
[BlackElo "1268"]
[PlyCount "122"]
[EventDate "2018.05.30"]
[EventType "swiss"]
[EventRounds "9"]
[EventCountry "VIE"]
[SourceTitle "CBM 184 Extra"]
[Source "ChessBase"]
[SourceDate "2018.06.28"]
[SourceVersion "1"]
[SourceVersionDate "2018.06.28"]
[SourceQuality "1"]

1. d4 d5 2. Nf3 Nf6 3. Bf4 Bf5 4. e3 e6 5. Bd3 Bxd3 6. Qxd3 c6 7. Nbd2 Bd6 8. Bg3 Na6 9. a3 Nc7 10. c4 Bxg3 11. hxg3 Qe7 12. Ne5 c5 13. Qb3 0-0 14. Qxb7 Rfb8 15. Nc6 Rxb7 16. Nxe7+ Kf8 17. Nc6 cxd4 18. Nxd4 Rxb2 19. cxd5 Ncxd5 20. Nc4 Rb7 21. 0-0 Rc7 22. Ne5 a6 23. Rab1 Rc3 24. Rb7 Ne7 25. a4 Ra3 26. Rfb1 g6 27. R1b4 Ra1+ 28. Kh2 Ra2 29. f3 Nfd5 30. Rb8+ Rxb8 31. Rxb8+ Kg7 32. e4 Ne3 33. Rb7 Rxg2+ 34. Kh3 Rg1 35. g4 Kf8 36. Rb3 Rd1 37. Ne2 Nc2 38. Nc3 Rd8 39. Rb6 Ra8 40. Rb7 Rc8 41. Ne2 Ra8 42. Nd7+ Kg7 43. Ne5 Kf8 44. Kh4 h6 45. Nd7+ Kg7 46. Ne5 Kf8 47. Nc3 Nd4 48. Rd7 Nb3 49. Rc7 Nd4 50. Nb1 Nb3 51. Na3 Nd2 52. Rb7 Nf1 53. Nac4 Rd8 54. Nd7+ Kg7 55. Nde5 Kf8 56. Ra7 Rd4 57. Nb6 Rd2 58. g5 Rh2+ 59. Kg4 Rg2+ 60. Kh3 Rg3+ 61. Kh4 hxg5# 0-1

[Event "VIE-chT (Women)"]
[Site "Ho Chi Minh City"]
[Date "2017.07.29"]
[Round "9.39"]
[White "Nguyen, Tran Ngan Ha"]
[Black "Vo, Dinh Khai My"]
[Result "0-1"]
[WhiteElo "1928"]
[BlackElo "1914"]
[PlyCount "52"]
[EventDate "2017.07.24"]
[EventType "team-swiss"]
[EventRounds "9"]
[EventCountry "VIE"]
[SourceTitle "EXT 2019"]
[Source "ChessBase"]
[SourceDate "2018.10.10"]
[SourceVersion "1"]
[SourceVersionDate "2018.10.10"]
[SourceQuality "1"]

1. e4 e5 2. Nf3 Nc6 3. Bc4 Bc5 4. d3 h6 5. h3 Nf6 6. c3 d6 7. Bb3 0-0 8. a3 a6 9. Bc2 d5 10. exd5 Nxd5 11. 0-0 Re8 12. d4 exd4 13. cxd4 Ba7 14. b3 b5 15. b4 Bb7 16. Bb3 Nf6 17. Bb2 Qd7 18. Qd2 Rad8 19. Rd1 Ne4 20. Qd3 Nf6 21. Qd2 Qe7 22. d5 Ne4 23. Qf4 Bxf2+ 24. Kf1 Nb8 25. Nc3 Nxc3 26. Bxc3 Qe2# 0-1

[Event "VIE-chT (Women)"]
[Site "Ho Chi Minh City"]
[Date "2017.07.25"]
[Round "3.38"]
[White "Ton, Nu Quynh Duong"]
[Black "Vo, Dinh Khai My"]
[Result "1/2-1/2"]
[WhiteElo "1205"]
[BlackElo "1914"]
[PlyCount "79"]
[EventDate "2017.07.24"]
[EventType "team-swiss"]
[EventRounds "9"]
[EventCountry "VIE"]
[SourceTitle "EXT 2019"]
[Source "ChessBase"]
[SourceDate "2018.10.10"]
[SourceVersion "1"]
[SourceVersionDate "2018.10.10"]
[SourceQuality "1"]

1. d4 d5 2. c4 c6 3. Nc3 Nf6 4. Nf3 e6 5. cxd5 exd5 6. Bg5 Be7 7. Qc2 0-0 8. e3 Nbd7 9. Bd3 h6 10. Bh4 Re8 11. 0-0 Ne4 12. Bxe7 Qxe7 13. Bxe4 dxe4 14. Nd2 Nf6 15. Rab1 Bf5 16. Rfc1 Nd5 17. Nxd5 cxd5 18. Qb3 Qd7 19. Rc5 Red8 20. Rbc1 b6 21. R5c3 Be6 22. Rc7 Qe8 23. Qa3 Rdc8 24. R1c3 a5 25. Rxc8 Rxc8 26. f3 Rxc3 27. Qxc3 f5 28. f4 Qd7 29. Kf2 Kf7 30. Nb1 Qd6 31. Na3 Bd7 32. Nc2 Qc6 33. Qxc6 Bxc6 34. b4 a4 35. a3 b5 36. g3 Kf6 37. Ne1 Be8 38. h3 h5 39. Ng2 g6 40. h4 1/2-1/2